Devinez ces 10 mots grâce à leur définition #3 (Objets) - Statistiques

Statistiques générales
  • Ce quiz a été pris 34 fois
  • Le résultat moyen est 6 sur 10
Statistiques - réponses
Définition Mot % Correct
Petit bloc de caoutchouc ou d'élastomère servant à effacer (n.f.) G{omme}
94%
Récipient isolant qui maintient durant quelques heures la température du liquide qu'il contient (n.m. ou f.) T{hermos}
84%
Bande adhésive utilisée pour protéger les plaies (n.m.) S{paradrap}
77%
Pièce de métal, de bois, etc., percée d'un trou fileté pour le logement d'une vis (n.m.) É{crou}
71%
Petit instrument métallique qui donne le "la" lorsqu'on le fait vibrer (n.m.) D{iapason}
58%
Levier métallique à tête fendue (n.m.) P{ied}-{de}-{biche}
58%
Longue barre de fer à extrémité un peu relevée pour attiser le feu (n.m.) T{isonnier}
55%
Robinet permettant de régler d'un seul mouvement le débit et la température de l'eau (n.m.) M{itigeur}
48%
Pièce plate représentant une certaine valeur ou servant de marque (n.m.) J{eton}
35%
Support servant à faire tenir à la hauteur voulue l'objet sur lequel on travaille (n.m.) C{hevalet}
32%
Aucun quiz correspondant
Distribution des résultats
% des personnes avec chaque résultat
Percentile par nombre de réponses
Votre historique - résultats
Vous n’avez pas pris ce quiz